LEADER 01972nam0 22004213i 450 001 RAV0136273 005 20251003044325.0 010 $a8878350419 020 $aIT$b92-995 100 $a20070411d1990 ||||0itac50 ba 101 | $aita 102 $ait 181 1$6z01$ai $bxxxe 182 1$6z01$an 200 1 $aGrandi banche in Europa$eproblemi e prospettive$fa cura di Adriano Giannola 210 $aNapoli$cGuida$d[1990] 215 $a274 p.$d24 cm 606 $aBanche$xEuropa$2FIR$3CFIC018118$9E 676 $a332.1$9Banche$v14 676 $a332.1094$9BANCHE E SERVIZI BANCARI. EUROPA$v20 696 $aIstituti di credito$aSistemi bancari$aBanchi $aIndustria bancaria 699 $aBanche$yIstituti di credito 699 $aBanche$ySistemi bancari 699 $aBanche$yBanchi 699 $aBanche$yIndustria bancaria 702 1$aGiannola$b, Adriano$3CFIV040092 801 3$aIT$bIT-000000$c20070411 850 $aIT-BN0095 $aIT-NA0079 $aIT-NA0230 $aIT-NA0452 $aIT-NA0817 $aIT-NA0312 901 $bNAP SC$c53 $n$ 901 $bNAP BN$cMAGAZZINO $nmagazzini correnti divisi per anni 901 $bNAP OS$cBIBLIOTECA$n$ 901 $bNAP IS$cISEM $nSezione di storia economica dell'ex Istituto di storia economica del Mezzogiorno 901 $bNAP 01$cPOZZO LIB.$nVi sono collocati fondi di economia, periodici di ingegneria e scienze, periodici di economia e statistica e altri fondi comprendenti documenti di economia pervenuti in dono. 912 $aRAV0136273 950 0$aBiblioteca Centralizzata di Ateneo$b1 v.$c1 v.$d 01POZZO LIB.ECON MON 3316$e 0101 0000093775E VMA 1 v. (Precedente collocazione: GUERRAZZI B 695)$fB $h20071204$i20071204 977 $a 01$a BN$a IR$a IS$a OS$a SC 996 $aGrandi banche in Europa$956081 997 $aUNISANNIO